Popularne państwa świata - Statystyki

Ogólne statystyki
  • Ten quiz został rozwiązany 39 razy
  • Średni wynik to 23 z 36
Odpowiedzi na mapie
Odpowiedzi zakodowano w zielono-czerwonej skali na mapie do tego quizu, zgodnie z poniższymi procentami.
 
Statystyki odpowiedzi
Odpowiedź % Poprawnych
Australia
93%
Chile
79%
Kanada
79%
Korea Północna
75%
Stany Zjednoczone
75%
Chiny
71%
Korea Południowa
71%
Meksyk
71%
Mongolia
71%
Arabia Saudyjska
68%
Argentyna
68%
Kazachstan
68%
Turcja
68%
Brazylia
64%
Egipt
64%
Libia
64%
Algeria
61%
Wenezuela
61%
Afganistan
57%
Indie
57%
Indonezja
57%
Iran
57%
Izrael
57%
Japonia
57%
Maroko
57%
Nowa Zelandia
57%
Tunezja
57%
Demokratyczna Republika Konga
54%
Republika Południowej Afryki
54%
Somalia
54%
Syria
54%
Tajlandia
54%
Tanzania
54%
Irak
50%
Nigeria
50%
Kenia
46%
Nie znaleziono quizów pasujących do podanych kryteriów
Rozkład punktacji
Procent ludzi z każdym wynikiem
Percentyl według liczby udzielonych odpowiedzi
Twoja historia wyników
Nie rozwiązałeś tego quizu